First meeting of the Standing Labour Committee, held at dacca on the 5th & 6th November 1949 : (Record no. 47100)
[ view plain ]
| 000 -LEADER | |
|---|---|
| fixed length control field | 00911nam a2200229 a 4500 |
| 001 - CONTROL NUMBER | |
| control field | 47100 |
| 003 - CONTROL NUMBER IDENTIFIER | |
| rucl marc code | BD-RjUL |
| 005 - DATE AND TIME OF LATEST TRANSACTION | |
| control field | 20211209054247.0 |
| 008 - FIXED-LENGTH DATA ELEMENTS--GENERAL INFORMATION | |
| fixed length control field | 160807s1949 pk ||||| |||| 00| 0 eng d |
| 020 ## - INTERNATIONAL STANDARD BOOK NUMBER | |
| Terms of availability | :PRS. 2.20 |
| 035 ## - SYSTEM CONTROL NUMBER | |
| System control number | (BD-RjUL)47219 |
| 040 ## - CATALOGING SOURCE | |
| Original cataloging agency | BD-RjUL |
| Language of cataloging | eng |
| Transcribing agency | BD-RjUL |
| Modifying agency | BD-RjUL |
| 041 ## - LANGUAGE CODE | |
| Language code of text/sound track or separate title | eng |
| 082 ## - DEWEY DECIMAL CLASSIFICATION NUMBER | |
| Classification number | 331.09549 |
| Author mark and year | PAI 1949 |
| 110 1# - MAIN ENTRY--CORPORATE NAME | |
| Corporate name or jurisdiction name as entry element | Pakistan. |
| Subordinate unit | Ministry of Law and Labour. (Labour Division) |
| 9 (RLIN) | 230214 |
| 245 10 - TITLE STATEMENT | |
| Title | First meeting of the Standing Labour Committee, held at dacca on the 5th & 6th November 1949 : |
| Remainder of title | Summary of proceedings / |
| Statement of responsibility, etc. | Pakistan. Ministry of Law and Labour. (Labour Division) |
| 246 ## - VARYING FORM OF TITLE | |
| Title proper/short title | Summary of proceedings of the First meeting of the Standing Labour Committee: |
| Remainder of title | (Held at dacca on the 5th and 6th November 1949) |
| 260 ## - PUBLICATION, DISTRIBUTION, ETC. (IMPRINT) | |
| Place of publication, distribution, etc. | Karachi : |
| Name of publisher, distributor, etc. | Manager of Publications, |
| Date of publication, distribution, etc. | 1949 |
| 300 ## - PHYSICAL DESCRIPTION | |
| Pagination | 81 p. ; |
| Size | 24 cm |
| 650 ## - SUBJECT ADDED ENTRY--TOPICAL TERM | |
| Topical term or geographic name as entry element | Labour |
| Geographic subdivision | Pakistan |
| 9 (RLIN) | 143436 |
| 942 ## - ADDED ENTRY ELEMENTS (KOHA) | |
| Source of classification or shelving scheme | Dewey Decimal Classification |
| Koha item type | Rare Books |
| Lost status | Source of classification or shelving scheme | Damaged status | Not for loan | Collection code | Permanent Location | Current Location | Shelving location | Date acquired | Source of acquisition | Cost, normal purchase price | Total Checkouts | Full call number | Date last seen | Copy number | Koha item type |
|---|---|---|---|---|---|---|---|---|---|---|---|---|---|---|---|
| Dewey Decimal Classification | Not For Loan | Rare Books | Central Library, University of Rajshahi | Central Library, University of Rajshahi | Rare Book Section | 26/01/1955 | C. P. B., Dacca | 2.20 | RA 331.09549 PAI 1949 | 07/08/2016 | C-1 | Rare Books |